000 00622nam a22001817a 4500
999 _c1785
_d1785
008 160415b xxu||||| |||| 00| 0 eng d
020 _a978-9-71038842-4 (pbk)
082 _22007
_aDFil 808.066
_bM52s
100 _95661
_aMenoy, Jesus Z.
245 _aThe simplified research and technical report writing/
_cJesus Z. Menoy.
260 _aMandaluyong City :
_bBooks Atbp. Pub. Corp.,
_cc2007.
300 _aix, 290 pages ;
_c 22 cm.
500 _aIncludes bibliographical references.
650 0 _95662
_aTechnical writing.
650 0 _95663
_aReport writing.
650 0 _95664
_aResearch writing.
942 _2ddc
_cDFIL